Capitali più distanti tra loro - Statistics

Statistiche generali
  • Questo quiz è stato fatto 7 volte
  • Il punteggio medio è 1 su 15
Statistiche sulle risposte
Capitale Distanza (km) Capitale più lontana % Corretto
Antananarivo 16 532 Città del Messico
50%
Madrid 19 855 Wellington
33%
Canberra 18 058 Lisbona
17%
Tokyo 18 581 Montevideo
17%
Montevideo 19 602 Seul
17%
Pechino 19 264 Buenos Aires
0%
L'Avana 17 894 Giacarta
0%
Dakar 19 351 Honiara
0%
Bangkok 19 702 Lima
0%
Brasilia 18 837 Manila
0%
Suva 19 369 Niamey
0%
Teheran 15 231 Nuku'alofa
0%
Singapore 19 742 Quito
0%
Nuova Delhi 16 926 Santiago
0%
Manila 19 196 Sucre
0%
Nessun quiz corrispondente trovato
Distribuzione punteggi
Percentuale di utenti per punteggio
Percentile per numero di risposta
I tuoi punteggi nel tempo
Non hai fatto questo quiz